Statistics for U.S. States Closest to Bermuda

Click here to take the quiz!

General Stats

  • This quiz has been taken 28 times
  • The average score is 9 of 10

Answer Stats

kmStateMiles% Correct
1159New York720
100%
1046North Carolina650
100%
1096Massachusetts681
96%
1122Virginia697
96%
1144Maryland711
96%
1155Delaware717
96%
1170New Jersey727
96%
1153Rhode Island716
89%
1183Connecticut735
89%
1245Pennsylvania774
81%

Score Distribution

Percentile by Number Answered

Percent of People with Each Score

Your Score History

You have not taken this quiz